000 00925nam a22002537a 4500
999 _c64345
_d64345
005 20240530110727.0
008 180426b2016 ua g b 000 0 ara d
017 _a2016/17562
_bمصر. دار الكتب
020 _a9789779109367
040 _aEG-CaGPL
_cEG-CaGPL
082 0 4 _221
_a260 /
_bع ت
100 0 _aعامر النجار
245 1 2 _aالتصوف النفسى /
_cتاليف عامر النجار
260 _aالقاهرة :
_bالهيئة المصرية العامة للكتاب ،
_c2016.
300 _a503 ص. ؛
_c24 سم.
504 _aيشتمل على ارجاعات ببليوجرافية
650 0 7 _2qrmak
_aالتصوف الاسلامى
650 0 7 _2qrmak
_aالطرق الصوفية
650 0 7 _2qrmak
_aالفلسفة الاسلامية
650 0 7 _2qrmak
_aالمراقبة والقرب
651 _2qrmak
942 _2ddc
_cBK